Conversaciones con Goethe

Tallennettuna:
Bibliografiset tiedot
Päätekijä: Eckermann, Johann peter
Aineistotyyppi: Kirja
Kieli:Undetermined
Julkaistu: Barcelona, España Iberia 1956
Aiheet:
Tagit: Lisää tagi
Ei tageja, Lisää ensimmäinen tagi!

MARC

LEADER 00000nam a2200000Ia 4500
008 170316s9999 xx 000 0 und d
040 |a cru BVZT 
090 |a 830 E-1c v.1 
100 |a Eckermann, Johann peter 
245 |a Conversaciones con Goethe 
260 |a Barcelona, España 
260 |b Iberia 
260 |c 1956 
300 |a 335 páginas 
650 |a LITERATURA ALEMANA 
999 |c 7308  |d 7308 
942 |c 15 D  |h 830 E-1c v.1  |2 z